University Home | Library Home | Institutional Repository

Kallocain / (Record no. 140702)

MARC details
000 -LEADER
fixed length control field 00773cam2a220022900 4500
001 - CONTROL NUMBER
control field qce00426143
005 - DATE AND TIME OF LATEST TRANSACTION
control field 20190823084720.0
008 - FIXED-LENGTH DATA ELEMENTS--GENERAL INFORMATION
fixed length control field 720428s1966 wiu b 000 1 eng
010 ## - LIBRARY OF CONGRESS CONTROL NUMBER
LC control number 66013798
035 ## - SYSTEM CONTROL NUMBER
System control number (Sirsi) r11147
035 ## - SYSTEM CONTROL NUMBER
System control number (QCAT)lss00207037
035 ## - SYSTEM CONTROL NUMBER
System control number (UPRA)qce00426143
040 ## - CATALOGING SOURCE
Modifying agency UPRA
050 0# - LIBRARY OF CONGRESS CALL NUMBER
Classification number PZ4.B7922
Item number Kal
100 1# - MAIN ENTRY--PERSONAL NAME
Personal name Boye, Karin, 1900-1941.
Dates associated with a name Boye, Karin, 1900-1941.
Linkage A64926.1
245 10 - TITLE STATEMENT
Title Kallocain /
Statement of responsibility, etc. translated from the Swedish by Gustaf Lannestock ; with an introd. by Richard B. Vowles.
260 ## - PUBLICATION, DISTRIBUTION, ETC.
Place of publication, distribution, etc. Madison :
Name of publisher, distributor, etc. University of Wisconsin Press,
Date of publication, distribution, etc. 1966.
490 0# - SERIES STATEMENT
Series statement Nordic translation series
Linkage S19779.1
504 ## - BIBLIOGRAPHY, ETC. NOTE
Bibliography, etc. note Bibliography: p. xxiv-xxv.
949 ## - LOCAL PROCESSING INFORMATION (OCLC)
a PZ4.B7922
w lcc
i -2976
m MAIN
t BOOK
l ON-SHELF

No items available.

© 2026 - The University of Zambia Library - Koha v25.11